| 000 | 01955cam a22005294i 4500 | ||
|---|---|---|---|
| 003 | PE-LiUPU | ||
| 005 | 20250731180105.0 | ||
| 008 | 150617s r 000 0 d | ||
| 020 | _a9684226284 | ||
| 035 | _a(Sirsi) i9789684226289 | ||
| 040 |
_aPE-LiUPU _bspa _cPE-LiUPU _erda |
||
| 049 | _aPRUA | ||
| 082 | 0 | 4 |
_a530 _bB88 _221 |
| 100 | 1 |
_aBueche, Frederick J., _eautor. |
|
| 245 | 1 | 0 |
_aFundamentos de Física. _n1 / _cFrederick J. Bueche. |
| 250 | _a3a ed. | ||
| 264 | 1 |
_aMéxico : _bMcGraw-Hill/Interamericana de México, _c1991. |
|
| 300 |
_a486 páginas ; _c23 centímetros |
||
| 336 |
_atext _2rdacontent |
||
| 337 |
_aunmediated _2rdamedia |
||
| 338 |
_avolume _2rdacarrier |
||
| 505 | 0 | _aVectores y su empleo -- Equilibrio estático -- Movimiento uniforme acelerado -- Leyes de Newton -- Trabajo y energía -- Cantidad de movimiento (momento lineal) -- Movimiento circular -- Trabajo, energía y momento de rotación -- Propiedades mecánicas de la materia -- Gases y teoría cinética -- Propiedades térmicas de la materia -- Termodinámica -- Vibración y ondas -- Sonido. | |
| 526 | _aSEG44 | ||
| 526 | _aSEG26 | ||
| 526 | _aP159 | ||
| 526 | _aP155 | ||
| 526 | _aP154 | ||
| 526 | _aP153 | ||
| 526 | _aP150 | ||
| 526 | _aP100 | ||
| 526 | _aP31 | ||
| 526 | _aP30 | ||
| 526 | _aP26 | ||
| 526 | _aP25 | ||
| 526 | _aP24 | ||
| 526 | _aP22 | ||
| 526 | _aP15 | ||
| 526 | _aP10 | ||
| 650 | 0 | 4 | _aFísica. |
| 910 |
_ajck _bjvq _cjck _d20150616 |
||
| 942 |
_2ddc _cBOOK |
||
| 949 |
_a530 B88 1 _wDEWEY _c1 _i35283 _d2016-11-25 _e2016-11-16 _lCCODEBUL1 _mBUL _n1 _r0 _sY _tBOOK _u2015-4-22 _xEDUCACION _zUNKNOWN _0COMPRA _o.STAFF. Colección General |
||
| 994 |
_aC0 _bPEPRU |
||
| 596 | _a1 | ||
| 999 |
_a530 B88 1 _wDEWEY _c19299 _i35283 _d19299 _e2018-3-28 _f2022-4-12 _g5 _lCCODEBUL1 _mBUL _n2 _q1 _r0 _sY _tBOOK _u2015-4-22 _xEDUCACION _zUNKNOWN _0COMPRA _o.STAFF. Colección General |
||
| 980 |
_81 _gALBERTO SANCHEZ Responsable de Automatización |
||